000 00249nam a2200097Ia 4500
001 1156445
005 20250827011223.0
008 250824s9999 xx 000 0 und d
245 0 _aSİS NASIL OLSA DAĞILIR
_cAHMET MELİH KARAUĞUZ
260 _bKETEBE
999 _c1156445
_d1156445